| 000 | 00538nam a2200157Ia 4500 | ||
|---|---|---|---|
| 008 | 170221s9999 xx 000 0 und d | ||
| 100 | _aLevi Zeleza Manda | ||
| 245 | _aWhat Makes Radio Listening Clubs as a Participatory Communication for Development Platform Work? A Case Study of Monkey Bay, Malawi | ||
| 245 | _cLevi Zeleza Manda | ||
| 260 | _bOnline Journal of Communication and Media Technologies | ||
| 260 | _c2014 | ||
| 300 | _a34 : 16 | ||
| 650 | _xCommunication | ||
| 650 | _xMedia Arts | ||
| 856 | _uhttp://www.ojcmt.net/ | ||
| 999 |
_c310944 _d310944 |
||